Formula 1 drivers #2 - Statistics

General Stats
  • This quiz has been taken 27 times
  • The average score is 12 of 16
Answer Stats
Picture Answer % Correct
Fernando Alonso
100%
Alain Prost
96%
Daniel Ricciardo
92%
David Coulthard
92%
Nigel Mansell
92%
Esteban Ocon
88%
Jacques Villeneuve
84%
Graham Hill
80%
Jack Brabham
80%
Emerson Fittipaldi
76%
Stirling Moss
72%
Nelson Piquet
68%
Kimi Räikkönen
64%
Mika Häkkinen
64%
Marcus Ericsson
60%
Maurice Trintignant
16%
No matching quizzes found
Score Distribution
Percent of People with Each Score
Percentile by Number Answered
Your Score History
You have not taken this quiz